Simple approach to soul-winning: (Record no. 13166)

000 -LEADER
fixed length control field 00608nam a2200181 a 4500
001 - CONTROL NUMBER
control field :::00010984$&:&@@
003 - CONTROL NUMBER IDENTIFIER
control field OkBaRHE
005 - DATE AND TIME OF LATEST TRANSACTION
control field 20000607103404.0
008 - FIXED-LENGTH DATA ELEMENTS--GENERAL INFORMATION
fixed length control field s1962 j 000 0 eng u
040 ## - CATALOGING SOURCE
Transcribing agency
100 1# - MAIN ENTRY--PERSONAL NAME
Personal name Brooks, Carlyle C.
245 10 - TITLE STATEMENT
Title Simple approach to soul-winning:
Remainder of title a primer of visitation evangelism.
260 ## - PUBLICATION, DISTRIBUTION, ETC. (IMPRINT)
Place of publication, distribution, etc Grand Rapids, MI., :
Name of publisher, distributor, etc Zondervan Publishing House
Date of publication, distribution, etc c1962
300 ## - PHYSICAL DESCRIPTION
Extent 64 p. ;
Dimensions 21 cm.
650 ## - SUBJECT ADDED ENTRY--TOPICAL TERM
Topical term or geographic name as entry element Witness Bearing (Christianity)
942 ## - ADDED ENTRY ELEMENTS (KOHA)
Source of classification or shelving scheme
Koha item type Books
Copies
Koha item type Shelving location Lost status Source of classification or shelving scheme Price effective from Date last seen Barcode Permanent Location Withdrawn status Date acquired Damaged status Copy number Not for loan Full call number
BooksGeneral Stacks  2010-04-142010-04-1410984RHEMA Bible Training College 2010-04-14 1 BV 4520 .B683